| 000 | 00345nam a2200145Ia 4500 | ||
|---|---|---|---|
| 008 | 230312s9999||||xx |||||||||||||| ||und|| | ||
| 020 | _a0-7020-1447-8 | ||
| 082 |
_a611 _bRYA-A |
||
| 100 | _aRyan;S.P | ||
| 245 | 0 | _aAnatomy For diagnostic imaging | |
| 260 |
_bSaunders _aIndia _c1994 |
||
| 300 | _a293 | ||
| 650 |
_aMedical _vAnatomy |
||
| 942 | _cBK | ||
| 999 |
_c1323 _d1323 |
||